Repertorio de legislación y jurisprudencia chilenos: leyes administrativas sobre municipalidades
Zapisane w:
| Format: | Książka |
|---|---|
| Język: | hiszpański |
| Wydane: |
Santiago
Juridica de Chile
1994
|
| Wydanie: | 2a. ed |
| Hasła przedmiotowe: | |
| Etykiety: |
Dodaj etykietę
Nie ma etykietki, Dołącz pierwszą etykiete!
|
MARC
| LEADER | 00000nam a2200000 a 4500 | ||
|---|---|---|---|
| 001 | UCX8515 | ||
| 003 | CL-VaPUC | ||
| 008 | 940412e19940000CL |||||||||||||||||spa|d | ||
| 082 | 0 | 4 | |a 348.046 |b REP |2 21 |
| 245 | 1 | 0 | |a Repertorio de legislación y jurisprudencia chilenos: leyes administrativas sobre municipalidades |
| 250 | |a 2a. ed | ||
| 300 | |a 314 p | ||
| 942 | |c BK | ||
| 945 | |d 19940412 00:00:00 |a aalvarez | ||
| 260 | |a Santiago |b Juridica de Chile |c 1994 | ||
| 650 | 0 | |a Municipalidades |9 255557 | |
| 650 | 0 | |a Derecho y legislación |9 255077 | |
| 650 | 0 | |a Repertorios musicales |9 258861 | |
| 651 | 7 | |a CHILE |2 CL-VaPUC |9 325656 | |
| 583 | |a last modification |c 20170612 01:24:36 |k Rodrigo Vera | ||
| 999 | |c 227992 |d 227990 | ||
| 952 | |0 0 |1 0 |4 0 |6 348_046000000000000_REP_1994 |7 0 |8 F |9 227544 |a BIBDER |b BIBDER |d 2019-11-15 |i 2969467 |o 348.046 REP 1994 |p 2969467 |r 2023-01-25 |w 2019-11-15 |y BK_F |k DER | ||
| 952 | |0 0 |1 0 |4 0 |6 348_046000000000000_REP_1994 |7 0 |8 F |9 227545 |a BIBDER |b BIBDER |d 2019-11-15 |i 2976242 |o 348.046 REP 1994 |p 2976242 |r 2023-01-25 |w 2019-11-15 |y BK_F |k DER | ||